<?xml version="1.0" encoding="UTF-8"?>
<record
    xmlns:xsi="http://www.w3.org/2001/XMLSchema-instance"
    xsi:schemaLocation="http://www.loc.gov/MARC21/slim http://www.loc.gov/standards/marcxml/schema/MARC21slim.xsd"
    xmlns="http://www.loc.gov/MARC21/slim">

  <leader>00969nam a2200205   4500</leader>
  <controlfield tag="001">153</controlfield>
  <controlfield tag="003">GR-kaGGEEl</controlfield>
  <controlfield tag="005">20220622205022.0</controlfield>
  <datafield tag="035" ind1=" " ind2=" ">
    <subfield code="a">3392</subfield>
  </datafield>
  <datafield tag="090" ind1=" " ind2=" ">
    <subfield code="a">153</subfield>
  </datafield>
  <datafield tag="100" ind1=" " ind2=" ">
    <subfield code="a">20080415d        |||y0grey50      ga</subfield>
  </datafield>
  <datafield tag="200" ind1="1" ind2=" ">
    <subfield code="a">&#x391;&#x3C0;&#x3BF;&#x3C4;&#x3B5;&#x3BB;&#x3AD;&#x3C3;&#x3BC;&#x3B1;&#x3C4;&#x3B1; &#x3B5;&#x3BA;&#x3BB;&#x3BF;&#x3B3;&#x3CE;&#x3BD; &#x3B4;&#x3B7;&#x3BC;&#x3BF;&#x3C4;&#x3B9;&#x3BA;&#x3CE;&#x3BD; &#x3BA;&#x3B1;&#x3B9; &#x3BA;&#x3BF;&#x3B9;&#x3BD;&#x3BF;&#x3C4;&#x3B9;&#x3BA;&#x3CE;&#x3BD; &#x3B1;&#x3C1;&#x3C7;&#x3CE;&#x3BD; &#x3C4;&#x3B7;&#x3C2; 30&#x3B7;&#x3C2; &#x39C;&#x3B1;&#x3C1;&#x3C4;&#x3AF;&#x3BF;&#x3C5; 1975 &#x3BA;&#x3B1;&#x3B9; &#x3B5;&#x3C0;&#x3B1;&#x3BD;&#x3B1;&#x3BB;&#x3B7;&#x3C0;&#x3C4;&#x3B9;&#x3BA;&#x3CE;&#x3BD; &#x3C4;&#x3B7;&#x3C2; 6&#x3B7;&#x3C2; &#x391;&#x3C0;&#x3C1;&#x3B9;&#x3BB;&#x3AF;&#x3BF;&#x3C5; 1975 &#x3BA;&#x3B1;&#x3C4;&#x3AC; &#x3B4;&#x3AE;&#x3BC;&#x3BF;&#x3C5;&#x3C2; &#x3BA;&#x3B1;&#x3B9; &#x3BA;&#x3BF;&#x3B9;&#x3BD;&#x3CC;&#x3C4;&#x3B7;&#x3C4;&#x3B5;&#x3C2; &#x3AC;&#x3BD;&#x3C9; &#x3C4;&#x3C9;&#x3BD; 2000 &#x3BA;&#x3B1;&#x3C4;&#x3BF;&#x3AF;&#x3BA;&#x3C9;&#x3BD;</subfield>
    <subfield code="f">&#x395;&#x3BB;&#x3BB;&#x3B7;&#x3BD;&#x3B9;&#x3BA;&#x3AE; &#x394;&#x3B7;&#x3BC;&#x3BF;&#x3BA;&#x3C1;&#x3B1;&#x3C4;&#x3AF;&#x3B1;. &#x3A5;&#x3C0;&#x3BF;&#x3C5;&#x3C1;&#x3B3;&#x3B5;&#x3AF;&#x3BF; &#x395;&#x3C3;&#x3C9;&#x3C4;&#x3B5;&#x3C1;&#x3B9;&#x3BA;&#x3CE;&#x3BD;</subfield>
  </datafield>
  <datafield tag="210" ind1=" " ind2=" ">
    <subfield code="a">&#x391;&#x3B8;&#x3AE;&#x3BD;&#x3B1;</subfield>
    <subfield code="c">&#x395;&#x3B8;&#x3BD;&#x3B9;&#x3BA;&#x3CC; &#x3A4;&#x3C5;&#x3C0;&#x3BF;&#x3B3;&#x3C1;&#x3B1;&#x3C6;&#x3B5;&#x3AF;&#x3BF;</subfield>
    <subfield code="d">1978</subfield>
  </datafield>
  <datafield tag="606" ind1="1" ind2=" ">
    <subfield code="a">&#x395;&#x3BA;&#x3BB;&#x3BF;&#x3B3;&#x3AD;&#x3C2;</subfield>
    <subfield code="9">12120</subfield>
  </datafield>
  <datafield tag="676" ind1=" " ind2=" ">
    <subfield code="a">324.9</subfield>
    <subfield code="v">19</subfield>
  </datafield>
  <datafield tag="710" ind1="0" ind2="2">
    <subfield code="4">070</subfield>
    <subfield code="a">&#x395;&#x3BB;&#x3BB;&#x3B7;&#x3BD;&#x3B9;&#x3BA;&#x3AE; &#x394;&#x3B7;&#x3BC;&#x3BF;&#x3BA;&#x3C1;&#x3B1;&#x3C4;&#x3AF;&#x3B1;</subfield>
    <subfield code="b">&#x3A5;&#x3C0;&#x3BF;&#x3C5;&#x3C1;&#x3B3;&#x3B5;&#x3AF;&#x3BF; &#x395;&#x3C3;&#x3C9;&#x3C4;&#x3B5;&#x3C1;&#x3B9;&#x3BA;&#x3CE;&#x3BD;</subfield>
    <subfield code="9">12971</subfield>
  </datafield>
  <datafield tag="712" ind1="0" ind2="2">
    <subfield code="4">650</subfield>
    <subfield code="a">&#x395;&#x3B8;&#x3BD;&#x3B9;&#x3BA;&#x3CC; &#x3A4;&#x3C5;&#x3C0;&#x3BF;&#x3B3;&#x3C1;&#x3B1;&#x3C6;&#x3B5;&#x3AF;&#x3BF;</subfield>
  </datafield>
  <datafield tag="942" ind1=" " ind2=" ">
    <subfield code="c">BK</subfield>
  </datafield>
  <datafield tag="995" ind1=" " ind2=" ">
    <subfield code="0">0</subfield>
    <subfield code="2">0</subfield>
    <subfield code="5">2008-04-15</subfield>
    <subfield code="9">238</subfield>
    <subfield code="f">004529</subfield>
    <subfield code="k">324.9 &#x395;&#x39B;&#x39B;</subfield>
    <subfield code="o">1</subfield>
    <subfield code="r">BK</subfield>
  </datafield>
</record>
